000 00574nam a22002057a 4500
942 _cBK
999 _c578
_d578
005 20250420134817.0
008 200809b ||||| |||| 00| 0 eng d
020 _a9781292025728
040 _cKCST
082 _a621.38
_bOp Di
100 _aOppenheim, Alan V
_9962
245 _aDiscrete-time signal processing /
_cAlan V Oppenheim; Roland W Schafer
250 _a3rd edition
260 _aHarlow:
_bPearson,
_c2014
650 _aSignal processing.
_9645
650 _aDiscrete-time systems.
_95185
700 _aSchafer, Roland W
_94972
942 _2ddc